000 00835nam a22002777a 4500
001 3187
003 FISKH
005 20240216094825.0
008 240216b cb ||||| |||| 00| 0 eng d
020 _a0590478745
040 _aFISKH
_beng
_cFISKH
_dFISKH
050 _aQL458.G53
082 _a595.44
100 _aGibbons, Gail
245 _aSpiders /
_bby Gibbons, Gail
250 _aFirst Scholastic printing , March 1994
260 _aNew York :
_bScholastic ,
_c1993
300 _a29 unnumbered pages :
_bcolor illustrations ;
_c22 cm.
505 _aN
520 _aExamines the physical characteristics, behavior, habitats, and different kinds of spiders.
521 8 _a580
_bLexile
521 8 _aN
_bRaz-Plus
600 _2bugs
_vnon-fiction
650 _ainsects
_vnon-fiction
942 _2ddc
_cBK
_n0
999 _c3187
_d3187